000 00769cam a22002531 4500
001 ca 30000331
003 DLC
005 20260227111122.0
008 820604s1928 pl 000 1 pol
010 _aca 30000331
035 _a(OCoLC)8492692
040 _aDLC
_cInU
_dDLC
041 1 _apol
_heng
042 _apremarc
050 0 0 _aPR6005.O4
_bU57
100 1 _aConrad, Joseph,
_d1857-1924.
245 1 0 _aW oczach zachodu; Under western eyes.
260 _aWarszawa,
_bE. Wende i ska;
_c[etc., etc., 1928]
300 _a404, [1] p.
_c20 cm.
490 0 _aPisma wybrane,
_vt. XII
500 _aAt head of title: Józef Conrad Korzeniowski.
500 _a"Tłumaczyła z angielskiego H.J. Pajzderska."
700 1 _aPajzderska, Helena Janina,
_d1862-1927,
_etr.
999 _c16615
_d16615